| 000 | 00451nam a2200193Ia 4500 | ||
|---|---|---|---|
| 999 |
_c13190 _d13190 |
||
| 003 | 0100 | ||
| 005 | 20170601113451.0 | ||
| 008 | 130303s9999 xx 000 0 und d | ||
| 020 | _a521392543 | ||
| 040 | _cARRUPELIB | ||
| 050 | _aDT2988.K75 1992 | ||
| 100 |
_aKriger, Norma J _918194 |
||
| 245 | _aZimbabwe's guerrilla war | ||
| 245 | _bpeasant voices | ||
| 260 |
_bCambridge University Press _aNew York _c1992 |
||
| 300 | _ax | ||
| 300 | _b 303p. 23cm | ||
| 650 |
_aGuerillas _xHistory _y20th century _zZimbabwe _931897 |
||
| 650 |
_aPublic opinion _xhistory _y20th century _zZimbabwe _931898 |
||
| 650 |
_aAttitudes _xHistory _y20th century _931899 |
||
| 650 |
_aPeasantry _zZimbabwe _931900 |
||
| 942 |
_2lcc _cMONOGRAPH |
||